000 00773nam a2200229Ii 4500
003 JO-AjNU
008 230605s9999||||xx |||||||||||||| ||und||
017 _a2008/6/2082
020 _a978-9957-499-39-6
040 _aJO-AjNU
_bara
_erda
_cJO-AjNU
041 _aara
050 1 4 _aG154.S32 2009
100 3 _aالسعيدي، عصام حسن,
_eauthor
_951071
245 0 0 _aإدارة مكاتب وشركات وكلاء السياحة والسفر
250 _aط1
264 3 1 _aعمان: دار الراية للنشر والتوزيع، 2009
300 _a174ص
336 _atext
_btxt
_2rdacontent
337 _aunmediated
_bn
_2rdamedia
338 _avolume
_bnc
_2rdacarrier
650 4 _aالمكاتب السياحية - السياحة - الاردن
_951072
999 _aA22536
_c26104
_d26104